| 000 | 00612nam a22002177a 4500 | ||
|---|---|---|---|
| 999 |
_c2430 _d2430 |
||
| 001 | 6491 | ||
| 003 | BD-DhUAP | ||
| 005 | 20210130094408.0 | ||
| 008 | 200224r19951974enka|||| |||| 00| 0 eng d | ||
| 020 | _a471575661 | ||
| 040 |
_aBD-DhUAP _bEng _cBD-DhUAP _dBD-DhUAP |
||
| 082 |
_223 _a711.409 BAC |
||
| 100 | _aBacon, Edmund N. | ||
| 245 |
_aDesign of cities / _cEdmund N. Bacon |
||
| 250 | _arev. ed. | ||
| 260 |
_aLondon : _b Thames and Hudson, _cc1974 [Reprinted 1995]. |
||
| 300 |
_a336 pages : _billustrations ; _c25 cm. |
||
| 650 | _aSpace perception. | ||
| 650 | _aHarmony (Aesthetics). | ||
| 942 |
_2ddc _cBK |
||